000
00261nam a2200109Ia 4500
008
131103s9999 xx 000 0 und d
040
_a
Loreto College
041
_a
English
100
_a
massimo salvadori
245
_a
the american economic system
942
_c
BK
999
_c
36767
_d
87246